00582nam a2200193Ia 4500003000900000008004100009040001600050080001500066100002600081245002600107260003400133300001000167650004100177650001800218650001400236942000700250999001500257952011600272IN-BaIIA211028s9999 xx 000 0 eng d cIIA Library a523.7bABE aAbetti, Giorgio92923 4aThe suncG. Abetti.  aLondonbFaber and Faberc1955 a336p. aAstronomy and Astrophysics Thesaurus aSolar Physics aSun91200 cBK c1682d1682 00104070aBANbKODcGENd0000-00-00g42.00l0o523.7/ ABEp1845r2021-11-05v42.00w0000-00-00yBKGRs. 42.00